LEADER 01157nam a2200265 i 4500 001 000000226860 003 CaOOAMICUS 005 20140205000000.0 008 140205s1966 it u000 u ita u 013 $a205762 040 $aSeMil$bita 100 1 $aBargellini, Piero,$d<1897-1980>.$0(OLS)http://semarc/name/926 245 13$aIl Concilio di Firenze e gli affreschi di Benozzo /$cPiero Bargellini. 246 08$iTitolo sul dorso:$aIl Concilio di Firenze 260 $aFirenze :$bVallecchi,$c[1961] 300 $a390 p. :$bill. ;$c29 cm. 500 $aIn custodia. 650 4$aConcilio di Firenze <1438-1439>.$0(OLS)http://semarc/subject/4306 650 4$aGozzoli, Benozzo <1421-1497>.$0(OLS)http://semarc/subject/30173 850 $aSeMil 852 $aSeMil$W1$xVenegono$y1$m3A VI 341$j177206$B177206$CSeMilBibl$Z2$F188131 $81 961 $aOmaggio: Grampa dott. Cesare 996 $6245$aIl Concilio di Firenze e gli affreschi di Benozzo$9(OLS)http://semarc/title/324805 996 $6246$aIl Concilio di Firenze$9(OLS)http://semarc/title/324806 996 $6260$aFirenze :$bVallecchi$9(OLS)http://semarc/publisher/29768 LEADER 01005nam a2200253 i 4500 001 000000231820 003 CaOOAMICUS 005 20220706143956.0 008 140812s1997 it u000 u ita u 013 $a210723 040 $aSeMil$bita 100 1 $aBorghi, Angelo,$d<1942- >.$0(OLS)http://semarc/name/116143 245 10$aSantuario della Rocca di Airuno /$cdi Angelo Borghi, Giacomo Luzzana. 260 $aLecco :$bGuido Stefanoni,$c1997. 300 $a31 p. ;$c24 cm. 500 $aEstratto da : «Archivi di Lecco» n. 2/97. 650 4$aAiruno - Santuario della Rocca.$0(OLS)http://semarc/subject/41479 700 1 $aLuzzana, Giacomo.$0(OLS)http://semarc/name/50081 850 $aSeMil 852 $aSeMil$W1$xVenegono$y1$m5B IX 10/32$j182166$B182166$CSeMilBibl$Z2$F193196 $81 961 $aOmaggio: Altro 996 $6245$aSantuario della Rocca di Airuno$9(OLS)http://semarc/title/330913 996 $6260$aLecco :$bGuido Stefanoni$9(OLS)http://semarc/publisher/42682